<?xml version="1.0" encoding="UTF-8"?>
<record
    xmlns:xsi="http://www.w3.org/2001/XMLSchema-instance"
    xsi:schemaLocation="http://www.loc.gov/MARC21/slim http://www.loc.gov/standards/marcxml/schema/MARC21slim.xsd"
    xmlns="http://www.loc.gov/MARC21/slim">

  <leader>01209nam a2200325 a 4500</leader>
  <controlfield tag="001">BRL_1885</controlfield>
  <controlfield tag="005">20190320211422.0</controlfield>
  <controlfield tag="008">120815s1981----mx-ao#####---#000-0#spa-#</controlfield>
  <datafield tag="020" ind1=" " ind2=" ">
    <subfield code="a">9688220213</subfield>
  </datafield>
  <datafield tag="041" ind1=" " ind2=" ">
    <subfield code="a">spa</subfield>
  </datafield>
  <datafield tag="044" ind1=" " ind2=" ">
    <subfield code="a">mx</subfield>
  </datafield>
  <datafield tag="050" ind1=" " ind2="4">
    <subfield code="a">F1221.C56</subfield>
    <subfield code="b">.R45 1981</subfield>
  </datafield>
  <datafield tag="245" ind1="1" ind2="0">
    <subfield code="a">Relatos, mitos y leyendas de la chinantla</subfield>
    <subfield code="c">relatos recopilados por Robert J. Weitlaner ; selecci&#xF3;n, introducci&#xF3;n y notas de Mar&#xED;a Sara Molinari, Mar&#xED;a Luisa Acevedo, Marlene Aguayo Alfaro ; dibujos Alberto Beltr&#xE1;n.</subfield>
  </datafield>
  <datafield tag="250" ind1=" " ind2=" ">
    <subfield code="a">2a ed.</subfield>
  </datafield>
  <datafield tag="260" ind1=" " ind2=" ">
    <subfield code="a">M&#xE9;xico</subfield>
    <subfield code="b">Instituto Nacional Indigenista</subfield>
    <subfield code="c">1981</subfield>
  </datafield>
  <datafield tag="300" ind1=" " ind2=" ">
    <subfield code="a">256 p.</subfield>
    <subfield code="b">il.</subfield>
    <subfield code="c">21 cm.</subfield>
  </datafield>
  <datafield tag="440" ind1=" " ind2="0">
    <subfield code="a">Colecci&#xF3;n INI</subfield>
    <subfield code="p">Serie Antropolog&#xED;a Social</subfield>
    <subfield code="v">no.53</subfield>
    <subfield code="9">28143</subfield>
  </datafield>
  <datafield tag="500" ind1=" " ind2=" ">
    <subfield code="a">Au2046</subfield>
  </datafield>
  <datafield tag="504" ind1=" " ind2=" ">
    <subfield code="a">Bibliograf&#xED;a: p. 251-254</subfield>
  </datafield>
  <datafield tag="650" ind1="1" ind2="4">
    <subfield code="a">Chinantecos</subfield>
    <subfield code="x">Leyendas</subfield>
    <subfield code="9">28144</subfield>
  </datafield>
  <datafield tag="650" ind1="1" ind2="4">
    <subfield code="a">Ind&#xED;genas de M&#xE9;xico</subfield>
    <subfield code="x">Leyendas</subfield>
    <subfield code="z">Oaxaca (M&#xE9;xico)</subfield>
    <subfield code="9">28145</subfield>
  </datafield>
  <datafield tag="650" ind1="1" ind2="4">
    <subfield code="a">Chinantecos</subfield>
    <subfield code="x">Religi&#xF3;n y Mitolog&#xED;a</subfield>
    <subfield code="9">28146</subfield>
  </datafield>
  <datafield tag="700" ind1="1" ind2=" ">
    <subfield code="a">Weitlaner, Roberto J.</subfield>
    <subfield code="e">comp.</subfield>
    <subfield code="9">28147</subfield>
  </datafield>
  <datafield tag="700" ind1="1" ind2=" ">
    <subfield code="a">Molinari, Mar&#xED;a Sara</subfield>
    <subfield code="9">28148</subfield>
  </datafield>
  <datafield tag="700" ind1="1" ind2=" ">
    <subfield code="a">Acevedo, Mar&#xED;a Luisa</subfield>
    <subfield code="9">28149</subfield>
  </datafield>
  <datafield tag="700" ind1="1" ind2=" ">
    <subfield code="a">Aguayo Alfaro, Marlene</subfield>
    <subfield code="9">28150</subfield>
  </datafield>
  <datafield tag="700" ind1="1" ind2=" ">
    <subfield code="a">Beltr&#xE1;n, Alberto</subfield>
    <subfield code="e">il.</subfield>
    <subfield code="9">9572</subfield>
  </datafield>
  <datafield tag="902" ind1=" " ind2=" ">
    <subfield code="a">GRL</subfield>
  </datafield>
  <datafield tag="942" ind1=" " ind2=" ">
    <subfield code="2">lcc</subfield>
    <subfield code="c">B</subfield>
  </datafield>
  <datafield tag="999" ind1=" " ind2=" ">
    <subfield code="c">10693</subfield>
    <subfield code="d">10693</subfield>
  </datafield>
  <datafield tag="952" ind1=" " ind2=" ">
    <subfield code="0">0</subfield>
    <subfield code="1">0</subfield>
    <subfield code="4">0</subfield>
    <subfield code="7">0</subfield>
    <subfield code="a">BRL</subfield>
    <subfield code="b">BRL</subfield>
    <subfield code="d">2015-08-12</subfield>
    <subfield code="i">Au2046</subfield>
    <subfield code="l">0</subfield>
    <subfield code="o">F1221.C56 .R45 1981 (Au2046)</subfield>
    <subfield code="p">GRL02078</subfield>
    <subfield code="r">2019-03-22 00:00:00</subfield>
    <subfield code="w">2019-03-22</subfield>
    <subfield code="y">B</subfield>
  </datafield>
</record>
